El poder psiquiátrico. Curso en el Collège de France. 1973-1974
محفوظ في:
| المؤلف الرئيسي: | |
|---|---|
| التنسيق: | كتاب |
| اللغة: | الإسبانية |
| منشور في: |
Buenos Aires
Fondo de Cultura Económica
2005
|
| الطبعة: | 1a. ed |
| الموضوعات: | |
| الوسوم: |
إضافة وسم
لا توجد وسوم, كن أول من يضع وسما على هذه التسجيلة!
|
MARC
| LEADER | 00000cam a2200000 a 4500 | ||
|---|---|---|---|
| 001 | UCK7724 | ||
| 003 | CL-VaPUC | ||
| 008 | 051202e20050000AG |||||||||||||||||spa|d | ||
| 020 | |a 9505576374 | ||
| 082 | 0 | 4 | |a 616.89 |b FOU |2 21 |
| 100 | |a Foucault, Michel |e author |9 257945 | ||
| 245 | 1 | 3 | |a El poder psiquiátrico. Curso en el Collège de France. 1973-1974 |
| 250 | |a 1a. ed | ||
| 300 | |a 448 p | ||
| 942 | |c BK | ||
| 945 | |d 20051202 00:00:00 |a jtorresc | ||
| 260 | |a Buenos Aires |b Fondo de Cultura Económica |c 2005 | ||
| 650 | 0 | |a Psiquiatría |9 308427 | |
| 650 | 7 | |a ENFERMOS MENTALES |2 CL-VaPUC |9 343473 | |
| 650 | 7 | |a PSICOTERAPIA |2 CL-VaPUC |9 497301 | |
| 650 | 0 | |a Conducta |9 269782 | |
| 650 | 7 | |a ENFERMOS MENTALES |2 CL-VaPUC |9 343473 | |
| 583 | |a last modification |c 20131011 06:59:15 |k Rodrigo Vera | ||
| 999 | |c 315574 |d 315572 | ||
| 952 | |0 0 |1 0 |4 0 |6 616_890000000000000_FOU_2005 |7 0 |8 A |9 388947 |a BIBHIS |b BIBHIS |d 2019-11-22 |i 4697278 |l 2 |o 616.89 FOU 2005 |p 4697278 |r 2025-01-20 |s 2023-04-19 |w 2019-11-22 |y BK |k HIS | ||
| 952 | |0 0 |1 0 |4 0 |6 616_890000000000000_FOU_2005 |7 0 |8 R |9 388948 |a BIBGIM |b BIBGIM |d 2019-11-22 |i 4761669 |o 616.89 FOU 2005 |p 4761669 |r 2025-01-15 |w 2019-11-22 |y BK_R |k SSL | ||
| 952 | |0 0 |1 0 |3 erb |4 0 |6 616_890000000000000_FOU_2005 |7 0 |8 R |9 388949 |a BIBEDU |b BIBEDU |c MCIRC |d 2019-11-22 |i 501932K |l 3 |m 4 |o 616.89 FOU 2005 |p 501932K |r 2025-03-31 |s 2025-03-11 |w 2019-11-22 |y BK_R |z Catalogado en:20131018 |k PSI | ||